| Tag |
First Indicator |
Second Indicator |
Subfields |
| LEADER |
00000cam a2200000 4500 |
| 001 |
in00000050676 |
| 005 |
20151007073823.0 |
| 008 |
730425s1943 enka b 00010 eng u |
| 010 |
|
|
|a 43016391
|
| 035 |
|
|
|a (OCoLC)00610431
|
| 035 |
|
|
|9 AAF0443AM
|
| 040 |
|
|
|c KSU
|d TXA
|d UtOrBLW
|
| 049 |
|
|
|a TXAM
|c [117857]
|a TXAS [knam]
|c 2
|
| 050 |
0 |
0 |
|a QL677.5
|b .H5
|
| 092 |
|
|
|a 598.2
|b H628g
|
| 100 |
1 |
|
|a Hickey, Joseph J.
|q (Joseph James),
|d 1907-1993.
|
| 245 |
1 |
2 |
|a A guide to bird watching /
|c by Joseph J. Hickey. With illustrations by Francis Lee Jaques and bird tracks by Charles A. Urner.
|
| 264 |
|
1 |
|a London,
|a New York [etc.] :
|b Oxford university press,
|c 1943.
|
| 300 |
|
|
|a xiv, 262 pages :
|b illustrations ;
|c 22 cm.
|
| 336 |
|
|
|a text
|b txt
|2 rdacontent
|
| 337 |
|
|
|a unmediated
|b n
|2 rdamedia
|
| 338 |
|
|
|a volume
|b nc
|2 rdacarrier
|
| 500 |
|
|
|a "Printed in the United States of America."
|
| 504 |
|
|
|a "An annotated list of bird books": pages 208-239.
|
| 650 |
|
0 |
|a Birds.
|
| 740 |
0 |
|
|a Bird watching.
|
| 999 |
|
|
|a MARS
|
| 999 |
f |
f |
|s 1a9a0803-da09-3874-806f-22bc6d74c9b5
|i a62222b3-71c1-33bf-abfb-76fe26ead3e4
|t 0
|
| 952 |
f |
f |
|p ric
|a Texas A&M University
|b Rellis Campus
|c Joint Library Facility
|d Remote Storage
|t 0
|e QL677.5 .H5
|h Library of Congress classification
|i unmediated -- volume
|m A14801021331
|
| 952 |
f |
f |
|p noncirc
|a Texas A&M University
|b College Station
|c Cushing Memorial Library & Archives
|d Cushing: Kincaid/North America (Remote Storage: 2-3 day retrieval)
|t 0
|e QL677.5 .H5 1943
|h Library of Congress classification
|i unmediated -- volume
|
| 998 |
f |
f |
|a QL677.5 .H5 1943
|t 0
|l Cushing: Kincaid/North America (Remote Storage: 2-3 day retrieval)
|
| 998 |
f |
f |
|a QL677.5 .H5
|t 0
|l Remote Storage
|